00408nam a2200145Ia 4500008004100000020001800041041000800059082001900067100001300086245003700099260005500136300000900191650002200200700004000222220803s9999 xx 000 0 und d a3-7643-6400-9 aeng a720.92 GAS/THI aGast K P aLouis I Kahn : The Idea Of Order aBaselbBirkhuser Publishers For Architecturec2001 a198p aMaster Architects aGast K P Thies H H Fr. Tyng A G Fr.